00805cam a22002651 45000010005000000030006000050050017000110080041000280100017000690400023000860500014001090820012001231000027001352450045001622500035002072600031002423000048002734900023003215050007003445200103003515210020004545210020004746500024004946500021005184581FISKH20250331074946.0780328s1960 nyua j 000 1 eng  a 60005779  aDLCcDLCdDLCbeng aPZ7.H672  a813.54 1 aHoff, Syd,d1912-2004.10aOliver;cstory and pictures by Syd Hoff. aThis edition published in 1988 aNew York : bHarper,c1960 a64 pages ; bcolor illustrations ; c22 cm 0 aAn I can read book aJ  aOliver looks elsewhere for employment after learning that the circus already has enough elephants.8 a450 bLexile 8 aJ bRaz-Plus  1aElephantsxFiction. 1aCircusxFiction.